| 000 | 00778nam a2200253 a 4500 | ||
|---|---|---|---|
| 001 | 73379 | ||
| 003 | BD-RjUL | ||
| 005 | 20211209082404.0 | ||
| 008 | 170530s1966 pk b 000 0 eng | ||
| 020 | _cRs20.00 | ||
| 035 | _a(BD-RjUL)73597 | ||
| 040 |
_aDLC _cDLC _dBD-RjUL _beng |
||
| 041 | 1 | _aengurd | |
| 082 |
_223 _a629.045 _bNAA 1966 |
||
| 100 | 1 |
_aNadvī, Sayyid Sulaimān, _d-1953. _9217059 |
|
| 245 | 1 | 4 |
_aThe Arab navigation / _cby Syed Sulaiman Nadvi ; translated by Syed ṢabāḥuddinʻAbdur Raḥmān. |
| 250 | _a1st ed. | ||
| 260 |
_aLahore : _bSh. Muhammad Ashraf, _c1966. |
||
| 300 |
_avi, 153 p. ; _c22 cm. |
||
| 504 | _aIncludes bibliographical references. | ||
| 650 | 0 |
_aNavigation _zIslamic Empire. _9217060 |
|
| 942 |
_2ddc _cBK |
||
| 999 |
_c73379 _d73379 |
||